000 00664nam a2200253 i 4500
001 C2-0266202
003 PPAK
005 20180727233900.0
008 050719s2005 nyua|||| ||||| | eng d
020 _a0786846623
040 _aPPAK
_beng
_cPPAK
_erda
082 0 4 _a428.6
_223
090 0 0 _a428.6
_bRAV
_dK
245 0 0 _aRaven's so gold guide to life
264 1 _aNew York :
_bVolo ,
_c2005
300 _a[24 pages] :
_bcolour illustrations ;
_c26 cm
336 _2rdacontent
_atext
337 _2rdamedia
_aunmediated
338 _2rdacarrier
_avolume
490 1 _aThat's so raven
650 1 0 _aReaders.
830 0 _aThat's so raven
942 _ddc
_cB
999 _c75536
_d75536